Bài tập sức bền vật liệu
Biên soạn theo môn học sức bền vật liệu gồm 21 chương các bài như kéo nén đúng tâm, tính mối ghép,...Cuối sách có đề thi Ôlimpic cơ học về sức bền vật liệu.
Αποθηκεύτηκε σε:
| Κύριος συγγραφέας: | |
|---|---|
| Μορφή: | Βιβλίο |
| Γλώσσα: | Undetermined |
| Έκδοση: |
Hà Nội
Giáo Dục
1996
|
| Θέματα: | |
| Ετικέτες: |
Προσθήκη ετικέτας
Δεν υπάρχουν, Καταχωρήστε ετικέτα πρώτοι!
|
| Thư viện lưu trữ: | Trung tâm Học liệu Trường Đại học Cần Thơ |
|---|
| LEADER | 00871nam a2200217Ia 4500 | ||
|---|---|---|---|
| 001 | CTU_29668 | ||
| 008 | 210402s9999 xx 000 0 und d | ||
| 020 | |c 40700 | ||
| 082 | |a 620.112076 | ||
| 082 | |b L656 | ||
| 100 | |a Bùi, Trọng Lựu | ||
| 245 | 0 | |a Bài tập sức bền vật liệu | |
| 245 | 0 | |c Bùi Trọng Lựu, Nguyễn Văn Vượng | |
| 260 | |a Hà Nội | ||
| 260 | |b Giáo Dục | ||
| 260 | |c 1996 | ||
| 520 | |a Biên soạn theo môn học sức bền vật liệu gồm 21 chương các bài như kéo nén đúng tâm, tính mối ghép,...Cuối sách có đề thi Ôlimpic cơ học về sức bền vật liệu. | ||
| 650 | |a Strength of materials | ||
| 650 | |x Problems, exercises, etc | ||
| 904 | |i Năm | ||
| 980 | |a Trung tâm Học liệu Trường Đại học Cần Thơ | ||